| 000 | 00703cam a2200181 4500 | ||
|---|---|---|---|
| 001 | X113996 | ||
| 008 | 010807n2001 000 0 eng u | ||
| 035 | _a(Sirsi) u113996 | ||
| 245 | _aLeeman v Mohammed | ||
| 260 | _c2001 | ||
| 490 |
_aProperty, Planning and Compensation Reports _v[2001] 82 P&CR 159-170(10) |
||
| 520 | _aCA 16 January 2001. Real property. Power of attorney-Competing leases-Prioriiies-Whether overriding interest. Whether actual occupation- Land Registration Act 1925 s70(1)(a). Taken from headnote | ||
| 650 | _aLEEMAN V MOHAMMED | ||
| 650 | _aLAND REGISTRATION ACT 1925 S70(1)(A) | ||
| 650 | _aPOWER OF ATTORNEY | ||
| 690 | _aPROPERTY AND LAND LAW-CASE LAW | ||
| 942 | _n0 | ||
| 999 |
_c67940 _d67940 |
||